000 00292nam a2200109Ia 4500
005 20251222153558.0
008 251222s9999||||xx |||||||||||||| ||spa||
082 _a519.5/M18
100 _a"Majó Torrent, Juan"
245 0 _aEstadística matemática y célculo numérico-gráfico
942 _cLIB
999 _c31123
_d31123